| 000 | 00550nam a2200181 4500 | ||
|---|---|---|---|
| 003 | CO-ViMGA | ||
| 008 | 181029b ||||| |||| 00| 0 eng d | ||
| 020 | _a978-958-56557-0-6 | ||
| 040 |
_aCO-ViMGA _bspa _cCO-ViMGA |
||
| 090 | _aC ARAm | ||
| 100 | 1 |
_aAragón Ortega, Adrián Leandro _d2006 - _912902 |
|
| 245 | 1 | 0 |
_aMis dragones / _cAdrián Leandro Aragón Ortega |
| 250 | _aEntreletras | ||
| 260 |
_aVillavicencio : _bEntreletras, _c2018. |
||
| 300 |
_a53 p. : _bil. , 24 cm. |
||
| 650 | 1 | 4 |
_aCuentos Infantiles Colombianos _912706 |
| 942 |
_2ddc _cBK |
||
| 999 |
_c11262 _d11262 |
||